000 01482nam a22004097a 4500
003 CHAP
005 20220329141035.0
008 971013s1996 r 00010 d
010 _a61714
011 _a62686
035 _a66861
040 _cCHAP
090 _aTesis
100 0 0 _aBarrón Gutiérrez, Saúl.
_910566
245 _aEfecto de la suplementación de treonina en una dieta a base de sorgo-pasta de soya para cerdos en crecimiento
260 _aChapingo, Méx. :
_bEl autor,
_c1996
300 _a44 h.
_b; gráfs.
502 _aTesis (Ing. Agr. Esp. en Zootecnia) -- UACH. Departamento de Zootecnia
590 _aALEPH
_b10
_c20130110
_lUCH01
_h1343
590 _aBATCH-UPD
_b10
_c20130110
_lUCH01
_h0255
590 _aBATCH-UPD
_b10
_c20130110
_lUCH01
_h1244
590 _aBATCH-UPD
_b10
_c20130409
_lUCH01
_h2326
590 _aBATCH-UPD
_b10
_c20130914
_lUCH01
_h0543
590 _aCONVERSION
_b10
_c20130109
_lUCH01
_h1333
650 1 4 _aGanado porcino
_xAlimentación.
_945329
650 1 4 _aGanado porcino
_xEfecto del medio ambiente.
_945359
650 1 4 _aGanado porcino
_xMéxico (Edo.)
_945387
650 1 4 _aGanado porcino
_xNutrición.
_945390
650 1 4 _aPasta de soya.
_985904
650 1 4 _aSorgo como forraje.
_9108743
650 1 4 _aTreonina.
_9114822
700 0 _aCastro Romero, José Alfredo.
_920424
901 _aBK
942 _cFOLL
949 _bBC
_cTES
_d-152101
_eTS1
_h30713
_i66861
_si
949 _bBC
_cTES
_d33724000625646
_eTS2
_fc.2
_h30714
_i66861
_si
999 _c61714
_d61714